Lead the way God made you : (Record no. 17356)

000 -LEADER
fixed length control field 00809nam a2200217 a 4500
001 - CONTROL NUMBER
control field :::00021276$&:&@@
003 - CONTROL NUMBER IDENTIFIER
control field OkBaRHE
005 - DATE AND TIME OF LATEST TRANSACTION
control field 20100402131823.0
008 - FIXED-LENGTH DATA ELEMENTS--GENERAL INFORMATION
fixed length control field s2005 j 000 0 eng u
020 ## - INTERNATIONAL STANDARD BOOK NUMBER
International Standard Book Number 0764428233
040 ## - CATALOGING SOURCE
Transcribing agency
100 1# - MAIN ENTRY--PERSONAL NAME
Personal name Shallenberger, Larry,; 1968-;
245 10 - TITLE STATEMENT
Title Lead the way God made you :
Remainder of title discovering your leadership style in children's ministry
260 ## - PUBLICATION, DISTRIBUTION, ETC. (IMPRINT)
Place of publication, distribution, etc Loveland,Colorado
Name of publisher, distributor, etc Group
Date of publication, distribution, etc 2005
300 ## - PHYSICAL DESCRIPTION
Extent 198 p. ;
Dimensions ill. ; 23 cm
650 ## - SUBJECT ADDED ENTRY--TOPICAL TERM
Topical term or geographic name as entry element Christian leadership
650 ## - SUBJECT ADDED ENTRY--TOPICAL TERM
Topical term or geographic name as entry element Church work with children
942 ## - ADDED ENTRY ELEMENTS (KOHA)
Source of classification or shelving scheme
Koha item type Books
Copies
Date acquired Price effective from Not for loan Koha item type Copy number Shelving location Permanent Location Source of classification or shelving scheme Damaged status Barcode Date last seen Current Location Withdrawn status Lost status Full call number
2010-04-142010-04-14 Books1General StacksRHEMA Bible Training College  212762010-04-14   BV 639 .C4 S52 2005
2010-04-142010-04-14 Books2General StacksRHEMA Bible Training College  212772012-02-23RHEMA Bible Training College  BV 639 .C4 S52 2005